| 000 | 00473nam a2200169Ia 4500 | ||
|---|---|---|---|
| 008 | 220216s9999 xx 000 0 und d | ||
| 100 | _aNicole M | ||
| 245 | 0 | _aCytochemistry of white root rots of rubber | |
| 260 |
_bIn: Interactions Plantes-Microorganismes, 1993, Proceedings, pp. 270-276 _c1993 |
||
| 500 | _aSource Year: 1994 | ||
| 700 | _aBenhamou N | ||
| 700 | _aChamberland H | ||
| 700 | _aGeiger J P | ||
| 700 | _aOuetette G B | ||
| 856 | _uATA | ||
| 942 | _cJS | ||
| 999 |
_c56702 _d56702 |
||